| 000 | 00413nam a2200157 4500 | ||
|---|---|---|---|
| 020 | _a8121923107 | ||
| 082 | _a621.3192077 GUP | ||
| 100 | _aGupta, B.R. | ||
| 245 | _aElectrical science | ||
| 260 |
_aNew Delhi, India _bS. Chand & Co. Ltd. _c1996 |
||
| 300 |
_aix, 500 p. _bill., |
||
| 500 | _aIncludes index. | ||
| 650 | _aElectric networks --Programmed instruction. | ||
| 700 | _aSinghal, Vandana | ||
| 942 | _cBK | ||
| 999 |
_c12310 _d12310 |
||